000 00588nam a2200181Ia 4500
008 151018s9999 xx 000 0 und d
082 _bRBASDV8287
_a914.919
100 _aश्री ज जोशी
245 _aजा जरा पूर्वेकडे
250 _b1
260 _bकेशरी प्रकाशन
_c1973
300 _a314
600 _aश्री ज जोशी
630 _aजा जरा पूर्वेकडे
700 _aश्री ज जोशी
730 _aजा जरा पूर्वेकडे
942 _cBOOK
999 _c1010652
_d1010649